[Event "TCh-CHN 2012"]
[Site "Tianjin CHN"]
[Date "2012.07.14"]
[Round "10"]
[White "Pham, Le Thao Nguyen"]
[Black "Ding, Yixin"]
[Result "1-0"]
[WhiteTitle "WGM"]
[BlackTitle "WGM"]
[WhiteElo "2351"]
[BlackElo "2350"]
[WhiteTeam "Qingdao School Team"]
[BlackTeam "Zhejiang Yinzhou Team"]
[WhiteFideId "12401226"]
[BlackFideId "8602972"]
[EventDate "2012.04.28"]

1. d4 Nf6 2. Bf4 g6 3. e3 Bg7 4. Nf3 d6 5. Be2 O-O 6. O-O Nbd7 7. h3 b6 8. c4
Bb7 9. Nc3 Ne4 10. Nxe4 Bxe4 11. Rc1 e5 12. Bg3 Qe7 13. Nd2 Bb7 14. d5 f5 15. b4
Rae8 16. Bh2 g5 17. e4 f4 18. Bh5 Rb8 19. Bg4 Nf6 20. Be6+ Kh8 21. g4 Bc8 22.
Bxc8 Rfxc8 23. Kg2 Kg8 24. Bg1 Kf7 25. f3 Qd7 26. Rc2 Bf8 27. Nb3 Be7 28. Qe2 h5
29. c5 hxg4 30. hxg4 Rh8 31. Rfc1 Bd8 32. Nd2 bxc5 33. bxc5 Kg6 34. Nc4 Ne8 35.
Na5 Qh7 36. Kf1 Bf6 37. c6 Rb6 38. Nc4 Ra6 39. Rb1 Ra4 40. Rb7 a6 41. a3 Bd8 42.
Rb3 Nf6 43. Rd3 Qh3+ 44. Ke1 Qg3+ 45. Bf2 Qg2 46. Kd2 Rh2 47. Kc3 Qh1 48. Qd1
Nxe4+ 49. fxe4 Qxe4 50. Kb3 Rh1 51. Qd2 Rxc4 52. Rxc4 Rb1+ 53. Ka2 Qh1 54. Qc2
Ra1+ 55. Kb3 Kg7 56. Ka4 Bf6 57. Qe2 Qb1 58. Rb3 Qh1 59. Qe4 Qd1 60. Qf3 Qf1 61.
Rc2 Rd1 62. Ba7 Qxf3 63. Rxf3 e4 64. Rb3 e3 65. Bb8 Bd8 66. Rb7 f3 67. Bxc7 f2
68. Bb6+ Kg6 69. Rxf2 exf2 70. Bxf2 Rxd5 71. c7 Bxc7 72. Rxc7 Rd2 73. Bb6 Rd3
74. Rc4 Kf7 75. Rd4 Rg3 76. Bc7 1-0

[Event "TCh-CHN 2012"]
[Site "Tianjin CHN"]
[Date "2012.07.14"]
[Round "10"]
[White "Gong, Qianyun"]
[Black "Wang, Xiaohui"]
[Result "1/2-1/2"]
[WhiteTitle "WIM"]
[BlackTitle "WIM"]
[WhiteElo "2302"]
[BlackElo "2209"]
[WhiteTeam "Qingdao School Team"]
[BlackTeam "Zhejiang Yinzhou Team"]
[WhiteFideId "8602425"]
[BlackFideId "8603073"]
[EventDate "2012.04.28"]

1. d4 d5 2. Nc3 Nf6 3. Bg5 Bf5 4. f3 Nbd7 5. Nxd5 Nxd5 6. e4 h6 7. Bh4 Bxe4 8.
fxe4 Ne3 9. Qd3 Nxf1 10. Qxf1 c5 11. O-O-O Qa5 12. Kb1 g6 13. Nf3 Bg7 14. Qd3
cxd4 15. Nxd4 O-O 16. c3 Nc5 17. Qe3 Rac8 18. Nb3 Nxb3 19. axb3 Qb5 20. Kc2 Qc6
21. Rhe1 Rfe8 22. g4 b5 23. e5 Qe6 24. Rd4 a5 25. Bg3 Ra8 26. Qe4 a4 27. bxa4
bxa4 28. Rxa4 Rxa4 29. Qxa4 Rc8 30. Re4 Qd5 31. Qd4 Qa2 32. Qb4 Bf8 33. e6 f6
34. Qa4 Qd5 35. Qd4 Qa8 36. Re2 Qa6 37. Re4 Bg7 38. Qa4 Qf1 39. Re1 Qg2+ 40. Kb1
f5 41. Qd7 Ra8 42. Qd3 f4 43. Bxf4 Qxg4 44. Qe4 Rc8 45. Be5 Qh5 46. Bxg7 Kxg7
47. Qe5+ Qxe5 48. Rxe5 Kf6 49. Re2 Rc6 50. Kc2 Rxe6 51. Rxe6+ Kxe6 52. Kd3 Kd6
53. h4 g5 54. hxg5 hxg5 55. Ke4 e6 56. b4 Kc6 57. c4 Kb6 58. Ke5 Kc7 59. b5 Kb6
60. Ke4 Kc5 61. Ke5 Kb6 62. Kd6 g4 63. c5+ Kxb5 64. c6 g3 65. c7 g2 66. c8=Q
g1=Q 67. Qc6+ Kb4 68. Qb7+ Kc4 69. Qa6+ Kc3 70. Qa5+ Kd3 71. Qb5+ 1/2-1/2

[Event "TCh-CHN 2012"]
[Site "Tianjin CHN"]
[Date "2012.07.14"]
[Round "10"]
[White "Wang, Chen"]
[Black "Bu, Xiangzhi"]
[Result "1-0"]
[WhiteTitle "IM"]
[BlackTitle "GM"]
[WhiteElo "2490"]
[BlackElo "2668"]
[WhiteTeam "Chongqing Team"]
[BlackTeam "Shandong Gree Team"]
[WhiteFideId "8601020"]
[BlackFideId "8601445"]
[EventDate "2012.04.28"]

1. e4 Nf6 2. Nc3 d5 3. exd5 Nxd5 4. Bc4 Nb6 5. Bb3 Nc6 6. Qf3 e6 7. Nge2 Be7 8.
d3 O-O 9. a3 Na5 10. Ba2 c5 11. Ne4 Nc6 12. O-O Kh8 13. Qh5 Nd5 14. c4 Nc7 15.
Ng5 Bxg5 16. Bxg5 Qd6 17. b4 b6 18. b5 Nd4 19. Nxd4 cxd4 20. Bd2 a5 21. a4 Bb7
22. f4 f6 23. Bb3 e5 24. Rae1 Qa3 25. fxe5 f5 26. Rf4 g6 27. Qh6 Ne6 28. Rh4 Rf7
29. Qxg6 Qe7 30. Qh6 Rg8 31. Re2 f4 32. c5 f3 33. Rf2 Bc8 34. Bxe6 Bxe6 35. Rf4
Rg6 36. Rxf7 Qxf7 37. Qf4 Qxf4 38. Bxf4 bxc5 39. g3 Bf5 40. Rxf3 Bg4 41. Rf2 Bd1
42. Rb2 Rb6 43. e6 Kg7 44. Bc7 Rb7 45. Be5+ Kg6 46. b6 Bxa4 47. e7 Kf7 48. Bd6
Ke6 49. Bxc5 Be8 50. Bxd4 Kxe7 51. Be5 a4 52. Bc7 Bf7 53. Rb5 a3 54. Ra5 a2 55.
Kf2 Kd7 56. Ke3 Kc6 57. Kd4 Bg8 58. Kc3 Bf7 59. Kb2 1-0

[Event "TCh-CHN 2012"]
[Site "Tianjin CHN"]
[Date "2012.07.14"]
[Round "10"]
[White "Gao, Rui"]
[Black "Wen, Yang"]
[Result "1/2-1/2"]
[WhiteTitle "IM"]
[BlackTitle "GM"]
[WhiteElo "2417"]
[BlackElo "2549"]
[WhiteTeam "Chongqing Team"]
[BlackTeam "Shandong Gree Team"]
[WhiteFideId "8602387"]
[BlackFideId "8602956"]
[EventDate "2012.04.28"]

1. e4 e5 2. Nf3 Nc6 3. Bb5 a6 4. Ba4 d6 5. O-O Bd7 6. c3 Nf6 7. Re1 g6 8. d4 Bg7
9. Nbd2 O-O 10. Bxc6 Bxc6 11. dxe5 dxe5 12. Nxe5 Bxe4 13. Nxe4 Qxd1 14. Nxf6+
Bxf6 15. Rxd1 Bxe5 16. Be3 Rfd8 17. Kf1 f6 18. Ke2 Kf7 19. Kf3 Ke6 20. Bf4 Rd6
21. Bxe5 fxe5 22. Ke3 Rad8 23. Rxd6+ cxd6 24. f4 Rc8 25. fxe5 dxe5 26. Rd1 b5
27. Rd2 Rf8 28. Rd1 Rc8 29. Rd2 Rf8 30. Rd1 Rc8 1/2-1/2

[Event "TCh-CHN 2012"]
[Site "Tianjin CHN"]
[Date "2012.07.14"]
[Round "10"]
[White "Zhang, Jilin"]
[Black "Huang, Qian"]
[Result "1/2-1/2"]
[WhiteTitle "WGM"]
[BlackTitle "WGM"]
[WhiteElo "2257"]
[BlackElo "2399"]
[WhiteTeam "Shandong Gree Team"]
[BlackTeam "Chongqing Team"]
[WhiteFideId "8602867"]
[BlackFideId "8602689"]
[EventDate "2012.04.28"]

1. e4 d6 2. d4 e5 3. dxe5 dxe5 4. Qxd8+ Kxd8 5. Bc4 f6 6. Be3 Nd7 7. Nd2 Bc5 8.
Bxc5 Nxc5 9. O-O-O Ke7 10. Ne2 Nh6 11. f3 Nf7 12. a3 c6 13. b4 Ne6 14. Bb3 Nd6
15. Kb2 Rd8 16. Nc4 Nxc4+ 17. Bxc4 Rxd1 18. Rxd1 Nc7 19. Ng3 g6 20. Ne2 Be6 21.
Bb3 Bxb3 22. Kxb3 Ne6 23. c3 Rg8 24. Kc2 h5 25. Kd2 f5 26. exf5 gxf5 27. g3 f4
28. Kd3 Kf6 29. gxf4 exf4 30. Rg1 Re8 31. h4 Rd8+ 32. Kc2 Rd5 33. Rg8 Re5 34.
Kd2 Rd5+ 35. Kc2 Re5 36. Kd2 Rd5+ 1/2-1/2

[Event "TCh-CHN 2012"]
[Site "Tianjin CHN"]
[Date "2012.07.14"]
[Round "10"]
[White "Sun, Xinyue"]
[Black "Tan, Zhongyi"]
[Result "0-1"]
[BlackTitle "WGM"]
[WhiteElo "2028"]
[BlackElo "2438"]
[WhiteTeam "Shandong Gree Team"]
[BlackTeam "Chongqing Team"]
[WhiteFideId "8600813"]
[BlackFideId "8603642"]
[EventDate "2012.04.28"]

1. e4 d6 2. d4 Nf6 3. Nc3 g6 4. Be2 Bg7 5. Nf3 O-O 6. O-O a6 7. a4 b6 8. Re1 Bb7
9. Bd3 Nc6 10. h3 e5 11. dxe5 dxe5 12. Bd2 Qd6 13. Qc1 Rfe8 14. Bc4 Nd4 15. Ng5
Re7 16. h4 Rd8 17. Bd3 h6 18. Nh3 Bc8 19. Re3 c6 20. Kf1 a5 21. Ng1 Ng4 22. Rh3
Be6 23. h5 g5 24. Nge2 Nf6 25. Rh1 Nxc2 26. Bxg5 Qxd3 27. Bxh6 Bxh6 28. Qxh6
Nxa1 29. Qg5+ Kh7 30. f3 Ng8 31. Qxe5 Nc2 32. h6 f6 33. Qh5 Qd2 34. Qh4 Bc4 35.
e5 Bxe2+ 36. Nxe2 Rxe5 37. Kg1 Rxe2 38. Rh3 Rxg2+ 39. Kh1 Qd1+ 40. Kxg2 Rd2+ 41.
Kg3 Qe1+ 0-1

[Event "TCh-CHN 2012"]
[Site "Tianjin CHN"]
[Date "2012.07.14"]
[Round "10"]
[White "Li, Haoyu"]
[Black "Zhou, Weiqi"]
[Result "0-1"]
[BlackTitle "GM"]
[WhiteElo "2389"]
[BlackElo "2628"]
[WhiteTeam "Tianjin Qin Huangdao Team"]
[BlackTeam "Jiangsu Taizhou Team"]
[WhiteFideId "8601488"]
[BlackFideId "8601674"]
[EventDate "2012.04.28"]

1. c4 e5 2. Nc3 Nf6 3. g3 Bb4 4. Bg2 O-O 5. d3 c6 6. Bd2 Re8 7. Nf3 d5 8. O-O h6
9. Qb3 a5 10. cxd5 cxd5 11. d4 e4 12. Ne5 Nc6 13. Nxc6 bxc6 14. a3 Bd6 15. Na4
Ba6 16. Rfc1 Rb8 17. Qd1 Bb5 18. Nc5 Bc4 19. b4 axb4 20. axb4 Qc8 21. Ra3 Qf5
22. h3 h5 23. e3 Bxc5 24. dxc5 Nd7 25. f4 exf3 26. Qxf3 Qg6 27. Bc3 Ne5 28. Bxe5
Rxe5 29. Qf4 Qe6 30. e4 Re8 31. exd5 Bxd5 32. Bxd5 Qxd5 33. Rf1 f6 34. Rc3 Kh8
35. Rc2 Re3 36. b5 Qd3 37. bxc6 Qxc2 0-1

[Event "TCh-CHN 2012"]
[Site "Tianjin CHN"]
[Date "2012.07.14"]
[Round "10"]
[White "Guo, Qi"]
[Black "Ning, Chunhong"]
[Result "1/2-1/2"]
[WhiteTitle "WGM"]
[BlackTitle "WGM"]
[WhiteElo "2351"]
[BlackElo "2328"]
[WhiteTeam "Jiangsu Taizhou Team"]
[BlackTeam "Tianjin Qin Huangdao Team"]
[WhiteFideId "8604002"]
[BlackFideId "8600376"]
[EventDate "2012.04.28"]

1. d4 f5 2. g3 Nf6 3. Bg2 g6 4. Nf3 Bg7 5. O-O O-O 6. b3 d6 7. Bb2 e6 8. Nbd2
Nc6 9. c4 Qe7 10. Qc2 Bd7 11. a3 Rae8 12. b4 Nd8 13. b5 Nf7 14. a4 Nh5 15. Ne1
Bc8 16. e4 e5 17. exf5 Bxf5 18. Qd1 Bc8 19. Nc2 Qd8 20. Kh1 Kh8 21. dxe5 Nxe5
22. Ne3 Nd3 23. Bxg7+ Nxg7 24. Qe2 Nc5 25. Qd1 Nf5 26. Nd5 Be6 27. Nb3 Bxd5 28.
Bxd5 Nxb3 29. Qxb3 b6 30. Qc3+ Qf6 31. Qxf6+ Rxf6 32. Rfe1 Rff8 33. a5 Kg7 34.
Kg2 Kf6 35. Bc6 Re7 36. axb6 axb6 37. Rxe7 Nxe7 38. Be4 Ke5 39. Bf3 Kd4 40. Ra7
Rc8 41. Bb7 Re8 42. Bf3 Rc8 43. Bb7 Re8 44. Bf3 Ke5 1/2-1/2

[Event "TCh-CHN 2012"]
[Site "Tianjin CHN"]
[Date "2012.07.14"]
[Round "10"]
[White "Shen, Yang"]
[Black "Sukandar, Irine Kharisma"]
[Result "1/2-1/2"]
[WhiteTitle "WGM"]
[BlackTitle "WGM"]
[WhiteElo "2440"]
[BlackElo "2349"]
[WhiteTeam "Jiangsu Taizhou Team"]
[BlackTeam "Tianjin Qin Huangdao Team"]
[WhiteFideId "8603162"]
[BlackFideId "7101937"]
[EventDate "2012.04.28"]

1. d4 Nf6 2. c4 e6 3. Nc3 Bb4 4. e3 O-O 5. Ne2 d5 6. a3 Be7 7. cxd5 exd5 8. g3
c6 9. Bg2 Bf5 10. O-O Na6 11. f3 h5 12. e4 Bh7 13. Nf4 h4 14. gxh4 dxe4 15. fxe4
Qb6 16. b4 Rad8 17. Be3 Nc7 18. Qe2 Nb5 19. Nxb5 Qxb5 20. Qxb5 cxb5 21. e5 Ng4
22. Bc1 Rxd4 23. h3 Nxe5 24. Be3 Rd7 25. Bxa7 Bxh4 26. Bc5 Rfd8 27. a4 bxa4 28.
Rxa4 Nd3 29. Nxd3 Bxd3 30. Rd1 f5 31. b5 Bxb5 32. Rxd7 Bxa4 33. Rxd8+ Bxd8 34.
Bxb7 Bb3 35. Kg2 Kf7 36. Kf3 g5 37. Bc6 Ke6 38. Be3 Ke5 39. Bc5 Bd1+ 40. Kf2 Bh5
41. Bf3 Be8 42. Bb7 Bd7 43. Ba7 Bc7 44. Kg2 f4 45. Bf3 Bf5 46. Bc5 Be4 47. Kf2
Ba5 48. Be7 Bb6+ 49. Kg2 1/2-1/2

[Event "TCh-CHN 2012"]
[Site "Tianjin CHN"]
[Date "2012.07.14"]
[Round "10"]
[White "Xiu, Deshun"]
[Black "Zeng, Chongsheng"]
[Result "1/2-1/2"]
[WhiteTitle "GM"]
[BlackTitle "IM"]
[WhiteElo "2492"]
[BlackElo "2435"]
[WhiteTeam "Beijing AIGO Team"]
[BlackTeam "Guangdong Huateng Club Team"]
[WhiteFideId "8603693"]
[BlackFideId "8603847"]
[EventDate "2012.04.28"]

1. d4 Nf6 2. c4 g6 3. Nc3 d5 4. Bf4 Bg7 5. Nf3 O-O 6. e3 c5 7. dxc5 Ne4 8. Rc1
Nxc3 9. bxc3 dxc4 10. Qxd8 Rxd8 11. Bxc4 Nd7 12. Bc7 Rf8 13. c6 Nb6 14. Bb5 a6
15. Be2 Na4 16. Nd4 bxc6 17. Bd1 Nb2 18. O-O Nxd1 19. Rfxd1 c5 20. Nc6 Bf6 21.
Bb6 Be6 22. Bxc5 Rfe8 23. Bd4 Bxa2 24. Bxf6 exf6 25. Ra1 Bb3 26. Rd6 Re6 27.
Rxe6 fxe6 28. f3 e5 29. Kf2 Kf7 30. e4 Bc4 31. Na5 Rc8 32. Nxc4 Rxc4 33. Ra3 f5
34. Rxa6 fxe4 35. Ra7+ Kf6 36. fxe4 h5 37. Ra6+ Kf7 38. Ra7+ Kf6 39. Ra6+ Kf7
40. Ra7+ Kf6 41. Ra6+ Kf7 42. Ra7+ Kf6 43. Ra6+ 1/2-1/2

[Event "TCh-CHN 2012"]
[Site "Tianjin CHN"]
[Date "2012.07.14"]
[Round "10"]
[White "Yu, Yangyi"]
[Black "Yu, Shaoteng"]
[Result "1/2-1/2"]
[WhiteTitle "GM"]
[BlackTitle "GM"]
[WhiteElo "2615"]
[BlackElo "2507"]
[WhiteTeam "Beijing AIGO Team"]
[BlackTeam "Guangdong Huateng Club Team"]
[WhiteFideId "8603820"]
[BlackFideId "8600660"]
[EventDate "2012.04.28"]

1. e4 e6 2. d4 d5 3. Nc3 Nf6 4. Bg5 dxe4 5. Nxe4 Nbd7 6. Nf3 h6 7. Nxf6+ Nxf6 8.
Be3 Bd6 9. Bd3 O-O 10. Qe2 b6 11. O-O-O Bb7 12. Ne5 Nd5 13. f4 Nxe3 14. Qxe3 c5
15. dxc5 Bxc5 16. Qh3 Qe7 17. Rhe1 Rad8 18. g4 Bf2 19. Re2 Qh4 20. Qxh4 Bxh4 21.
Be4 Rxd1+ 22. Kxd1 Rd8+ 23. Kc1 Ba6 24. Rd2 Rxd2 25. Kxd2 Bf6 26. b3 Bxe5 27.
fxe5 Kf8 28. Ke3 Ke7 29. c4 f6 30. Kd4 Kd7 31. h4 Kc7 32. Bf3 Bc8 33. b4 Bb7 34.
Bxb7 Kxb7 35. Ke3 Kc6 36. Ke4 Kd7 37. a3 Kc6 38. Kd4 Kd7 39. Ke4 Kc6 40. Kf4 Kd7
41. Ke3 Kc6 42. Kd4 Kd7 43. exf6 gxf6 44. c5 Kc6 45. cxb6 axb6 46. a4 Kd6 47.
Kc4 Kc6 48. Kd4 Kd6 49. Ke4 1/2-1/2

[Event "TCh-CHN 2012"]
[Site "Tianjin CHN"]
[Date "2012.07.14"]
[Round "10"]
[White "Li, Xueyi"]
[Black "Zhao, Xue"]
[Result "0-1"]
[BlackTitle "GM"]
[WhiteElo "2076"]
[BlackElo "2543"]
[WhiteTeam "Guangdong Huateng Club Team"]
[BlackTeam "Beijing AIGO Team"]
[WhiteFideId "8605912"]
[BlackFideId "8601283"]
[EventDate "2012.04.28"]

1. d4 Nf6 2. c4 e6 3. Nc3 Bb4 4. a3 Bxc3+ 5. bxc3 c5 6. e3 O-O 7. Bd3 Nc6 8. Ne2
b6 9. e4 Ne8 10. O-O Ba6 11. f4 f5 12. exf5 exf5 13. dxc5 Na5 14. Ng3 g6 15. Be3
Nxc4 16. Bxc4+ Bxc4 17. cxb6 Bxf1 18. Qd5+ Rf7 19. b7 Rb8 20. Rxf1 Nf6 21. Qf3
Qa5 22. Rb1 d6 23. Bd4 Qd5 24. Qe2 Rbxb7 25. Re1 Rf8 26. Qf2 Ng4 27. Qf1 Nf6 28.
h3 Ne8 29. Qd3 Rb2 30. Ne2 Qe4 31. Qxe4 fxe4 32. Ng3 d5 33. c4 Rb3 34. Kh2 Nd6
35. cxd5 Rxg3 36. Kxg3 Nf5+ 37. Kg4 Nxd4 38. Rxe4 Nf5 39. Kf3 Rc8 40. Ra4 Rc3+
41. Kf2 Rc7 42. g4 Nd6 43. Ra6 Nc8 44. Ke3 Nb6 45. Ke4 Re7+ 46. Kd4 Rd7 47. Ra5
Kf7 48. Rc5 Rb7 49. h4 Ke7 50. Rc3 Kd7 51. Ke5 Rb8 52. Rd3 Re8+ 53. Kf6 Kd6 54.
h5 gxh5 55. gxh5 Nxd5+ 56. Kg5 Rf8 57. f5 Ke5 58. f6 Nxf6 59. Rb3 Ne4+ 60. Kh6
Rf7 61. Rb1 Nd6 62. Re1+ Kf6 0-1

[Event "TCh-CHN 2012"]
[Site "Tianjin CHN"]
[Date "2012.07.14"]
[Round "10"]
[White "Ni, Shiqun"]
[Black "Nie, Xin"]
[Result "1/2-1/2"]
[WhiteElo "2157"]
[BlackElo "2053"]
[WhiteTeam "Shanghai Jianqiao Academy Team"]
[BlackTeam "Chengdu Bank Team"]
[WhiteFideId "8608466"]
[BlackFideId "8605610"]
[EventDate "2012.04.28"]

1. e4 e5 2. Nf3 Nc6 3. Bc4 Nf6 4. d3 Be7 5. O-O O-O 6. a4 d5 7. exd5 Nxd5 8. Re1
Bg4 9. h3 Bh5 10. g4 Bg6 11. Nxe5 Nxe5 12. Rxe5 Nb6 13. Bb3 Bd6 14. Bg5 Qd7 15.
Re1 h6 16. Bh4 Rae8 17. a5 Nc8 18. Nc3 Kh8 19. Rxe8 Rxe8 20. Qf3 c6 21. Bg3 f5
22. Bxd6 Nxd6 23. Ne2 Bh7 24. Ng3 Rf8 25. a6 b6 26. Re1 Rf6 27. Qe2 fxg4 28.
hxg4 Bg8 29. Qe7 Qxe7 30. Rxe7 Bxb3 31. cxb3 Rf7 32. Re6 Rd7 33. b4 Kg8 34. f4
Kf7 35. f5 Ne8 36. Rxc6 Rxd3 37. Ne2 Rd2 38. Nf4 Rd4 39. Ng6 Rxg4+ 40. Kh2 Re4
41. Kg3 Re1 42. Kf2 Re4 43. Kf3 Re1 44. Kf4 Rf1+ 45. Ke5 Rf2 46. b3 Ra2 47. b5
Ra5 48. Kf4 Rxb5 49. Ne5+ Kf8 50. Ng6+ Kf7 51. Re6 Rb4+ 52. Ke3 Rxb3+ 53. Kd4
Ra3 54. Ne5+ Kf8 55. Ng6+ Kf7 56. Ne5+ Kf8 57. Ng6+ 1/2-1/2

[Event "TCh-CHN 2012"]
[Site "Hangzhou CHN"]
[Date "2012.09.22"]
[Round "11"]
[White "Lou, Yiping"]
[Black "Wang, Li"]
[Result "1/2-1/2"]
[WhiteTitle "IM"]
[BlackTitle "IM"]
[WhiteElo "2419"]
[BlackElo "2400"]
[WhiteTeam "Shanghai Jianqiao Academy Team"]
[BlackTeam "Wuxi Huafang Construction Team"]
[WhiteFideId "8603928"]
[BlackFideId "8604460"]
[EventDate "2012.04.28"]

1. d4 d5 2. c4 e6 3. Nc3 Be7 4. Bf4 Nf6 5. e3 c6 6. Nf3 O-O 7. Bd3 b6 8. O-O Ba6
9. Qe2 Nbd7 10. e4 dxc4 11. Bxc4 Bxc4 12. Qxc4 Qc8 13. Rac1 Qb7 14. Bg5 h6 15.
Bh4 Rac8 16. Rfe1 Rfd8 17. e5 Nd5 18. Bxe7 Nxe7 19. Ne4 Qa8 20. Nd6 Rc7 21. Nd2
Nd5 22. N2e4 c5 23. g3 a6 24. a3 cxd4 25. Qxd4 Qb8 26. b4 Nf8 27. f4 Rdd7 28.
Qd3 a5 29. b5 Ng6 30. Nd2 Nge7 31. Kf2 Qd8 32. N2e4 1/2-1/2

[Event "TCh-CHN 2012"]
[Site "Hangzhou CHN"]
[Date "2012.09.22"]
[Round "11"]
[White "Wang, Xiaohui"]
[Black "Mkrtchian, Lilit"]
[Result "0-1"]
[WhiteTitle "WIM"]
[BlackTitle "IM"]
[WhiteElo "2209"]
[BlackElo "2458"]
[WhiteTeam "Zhejiang Yinzhou Team"]
[BlackTeam "Hebei Sports Lottery Team"]
[WhiteFideId "8603073"]
[BlackFideId "13300601"]
[EventDate "2012.04.28"]

1. d4 Nf6 2. c4 e6 3. Nf3 d5 4. Nc3 Be7 5. Bg5 h6 6. Bh4 O-O 7. e3 b6 8. cxd5
Nxd5 9. Bxe7 Qxe7 10. Rc1 Bb7 11. Bd3 Nxc3 12. Rxc3 Rc8 13. O-O Nd7 14. Qe2 a6
15. Rfc1 c5 16. Bb1 g6 17. e4 cxd4 18. Nxd4 Qg5 19. Nc6 Bxc6 20. h4 Qf4 21. Qd1
Rd8 22. g3 Qb8 23. Rxc6 Ne5 24. Qb3 Nxc6 25. Rxc6 Qe5 26. Rxb6 Rab8 27. Bc2 Rxb6
28. Qxb6 Rd2 29. Bb3 Qxe4 30. Qxa6 Rxb2 0-1

[Event "TCh-CHN 2012"]
[Site "Hangzhou CHN"]
[Date "2012.09.22"]
[Round "11"]
[White "Wang, Rui"]
[Black "Ding, Liren"]
[Result "0-1"]
[WhiteTitle "GM"]
[BlackTitle "GM"]
[WhiteElo "2407"]
[BlackElo "2660"]
[WhiteTeam "Hebei Sports Lottery Team"]
[BlackTeam "Zhejiang Yinzhou Team"]
[WhiteFideId "8601003"]
[BlackFideId "8603677"]
[EventDate "2012.04.28"]

1. d4 Nf6 2. c4 g6 3. Nc3 Bg7 4. e4 d6 5. f4 O-O 6. Nf3 c5 7. d5 e6 8. Be2 exd5
9. cxd5 Re8 10. Nd2 Ng4 11. Bxg4 Qh4+ 12. g3 Qxg4 13. Qxg4 Bxg4 14. Nb5 Na6 15.
h3 Rxe4+ 16. Nxe4 Bf3 17. O-O Bxe4 18. Nxd6 Bxd5 19. Rd1 Bd4+ 20. Kh2 Nc7 21. f5
Rd8 22. Bf4 g5 23. Nxf7 Re8 24. Nh6+ Kg7 25. Rxd4 gxf4 26. Rxf4 Re2+ 27. Kg1
Kxh6 28. Rf2 Re3 29. Kh2 Nb5 30. Rc1 b6 31. g4 Kg5 32. f6 Kh4 33. Kg1 Nd4 34. f7
Nf3+ 0-1

[Event "TCh-CHN 2012"]
[Site "Hangzhou CHN"]
[Date "2012.09.22"]
[Round "11"]
[White "Gu, Xiaobing"]
[Black "Zhang, Xiaowen"]
[Result "0-1"]
[WhiteTitle "WGM"]
[BlackTitle "WGM"]
[WhiteElo "2257"]
[BlackElo "2354"]
[WhiteTeam "Wuxi Huafang Construction Team"]
[BlackTeam "Shanghai Jianqiao Academy Team"]
[WhiteFideId "8602611"]
[BlackFideId "8603219"]
[EventDate "2012.04.28"]

1. e4 e6 2. d4 d5 3. Nd2 c5 4. exd5 exd5 5. Ngf3 Nc6 6. Bb5 cxd4 7. O-O Bd6 8.
Nb3 Ne7 9. Nbxd4 O-O 10. Re1 Bg4 11. Be2 Re8 12. h3 Bh5 13. Bg5 Qb6 14. Qd2 Bc5
15. c3 Bxf3 16. Bxf3 Nxd4 17. cxd4 Bb4 18. Qe3 Bxe1 19. Rxe1 f6 20. Bf4 g5 21.
Qa3 Nf5 22. Bxd5+ Kg7 23. Rxe8 Rxe8 24. Be3 Qc7 25. Qxa7 Nxe3 26. fxe3 Qc1+ 27.
Kh2 Qxe3 28. Qxb7+ Re7 29. Qb8 Qxd4 30. Qg8+ Kh6 31. Qf8+ Rg7 32. g4 Qxb2+ 33.
Kg3 Qe5+ 34. Kf2 Kg6 35. Bb3 Qh2+ 36. Ke1 Qg3+ 37. Ke2 Qg2+ 38. Ke1 Qe4+ 39. Kf2
Qf4+ 40. Ke2 Qe5+ 41. Kf2 Kh6 42. Kf3 Qe7 43. Qc8 Qb7+ 44. Qxb7 Rxb7 45. Ke4 Rb5
46. Kd4 f5 47. gxf5 Rxf5 48. Bd5 Rf2 49. Kc5 Kh5 50. Kb5 Rf5 51. Kc4 Kh4 52. Be6
Ra5 53. Kb3 Re5 54. Bd7 h5 55. a4 Re7 56. Bc8 g4 57. hxg4 hxg4 58. Ba6 g3 59.
Bf1 Re2 60. Bxe2 g2 0-1

[Event "TCh-CHN 2012"]
[Site "Hangzhou CHN"]
[Date "2012.09.22"]
[Round "11"]
[White "Vitiugov, Nikita"]
[Black "Lu, Shanglei"]
[Result "1-0"]
[WhiteTitle "GM"]
[BlackTitle "GM"]
[WhiteElo "2709"]
[BlackElo "2514"]
[WhiteTeam "Hebei Sports Lottery Team"]
[BlackTeam "Zhejiang Yinzhou Team"]
[WhiteFideId "4152956"]
[BlackFideId "8603332"]
[EventDate "2012.04.28"]

1. c4 f5 2. Nc3 Nf6 3. Nf3 g6 4. d3 Bg7 5. e4 d6 6. Be2 O-O 7. exf5 Bxf5 8. d4
Nc6 9. O-O e5 10. Be3 exd4 11. Nxd4 Bd7 12. c5 dxc5 13. Qb3+ Kh8 14. Nxc6 Bxc6
15. Bxc5 Re8 16. Bb5 Ne4 17. Nxe4 Bd5 18. Rfd1 Bxb3 19. Rxd8 Raxd8 20. Bxe8 Bc2
21. Bc6 bxc6 22. Nc3 Rb8 23. Rc1 Bd3 24. b3 Re8 25. Be3 a5 26. h3 Kg8 27. Na4
Bb5 28. Nc5 Bb2 29. Rd1 Ba3 30. Nb7 Bb4 31. Rd7 a4 32. bxa4 Bxa4 33. Rxc7 Bb5
34. Rd7 Ra8 35. Bc5 Bxc5 36. Nxc5 Rxa2 37. Ne4 h5 38. h4 Re2 39. f3 Rc2 40. Rc7
Kf8 41. Ng5 Ke8 42. Ne6 Bd3 43. Ng7+ Kd8 44. Ne6+ Ke8 45. Kh2 c5 46. Rxc5 Rb2
47. Nf4 Bb1 48. Rc7 Kf8 49. Ne6+ Ke8 50. Kg3 Bd3 51. Nf4 Bb1 52. Nd5 Kf8 53. Ne3
Rb4 54. Rc4 Rb7 55. Kf4 Ba2 56. Rc5 Kg7 57. Nd1 Rf7+ 58. Kg3 Bb3 59. Nc3 Rd7 60.
Ne4 Bd5 61. Ng5 Kg8 62. Rc6 Re7 63. Rd6 Bc4 64. Ne4 Bf1 65. Nd2 Bb5 66. Nb3 Bc4
67. Nc5 Re2 68. Rd7 Kf8 69. Ne4 Rb2 70. Rd2 Rb8 71. Kf4 Bf7 72. Rd7 Rb2 73. g3
Be8 74. Rc7 Rb8 75. Nf6 Rb5 76. Ne4 Rf5+ 77. Ke3 Ra5 78. Ng5 Ba4 79. Kf4 Rf5+
80. Ke4 Bb3 81. Kd4 Bg8 82. Rc5 Rf6 83. Ke4 Rb6 84. Ke5 Rb7 85. Kf4 Kg7 86. Ne4
Rf7+ 87. Ke3 Rd7 88. Re5 Bc4 89. Ng5 Rd3+ 90. Kf4 Rd7 91. Rc5 Bg8 92. Ke5 Re7+
93. Kd6 Re3 94. Rc7+ Kf8 95. Ra7 Rd3+ 96. Ke5 Rd5+ 97. Ke4 Rb5 98. Rd7 Rb4+ 99.
Rd4 Rb7 100. Kf4 Kg7 101. g4 hxg4 102. fxg4 Rc7 103. Nf3 Rf7+ 104. Kg3 Re7 105.
Rd6 Re4 106. Nd4 Re5 107. Kf4 Ra5 108. Nc6 Ra6 109. Rd7+ Kf8 110. Rc7 Bd5 111.
Ne5 1-0

[Event "TCh-CHN 2012"]
[Site "Hangzhou CHN"]
[Date "2012.09.22"]
[Round "11"]
[White "Wan, Yunguo"]
[Black "Yu, Lie"]
[Result "1/2-1/2"]
[BlackTitle "IM"]
[WhiteElo "2441"]
[BlackElo "2417"]
[WhiteTeam "Hebei Sports Lottery Team"]
[BlackTeam "Zhejiang Yinzhou Team"]
[WhiteFideId "8603189"]
[BlackFideId "8603715"]
[EventDate "2012.04.28"]

1. e4 e6 2. d4 d5 3. Nc3 dxe4 4. Nxe4 Nd7 5. Nf3 Ngf6 6. Bd3 Nxe4 7. Bxe4 Nf6 8.
Bg5 h6 9. Bxf6 Qxf6 10. Qd3 Bd6 11. Bxb7 Bxb7 12. Qb5+ Ke7 13. Qxb7 Rab8 14.
Qxa7 Qg6 15. O-O Qxc2 16. Rfc1 Qxb2 17. Ne5 Bxe5 18. dxe5 Qxe5 19. f4 Qb2 20.
Rxc7+ Kf6 21. Rxf7+ Kg6 22. Re1 Qb6+ 23. Kf1 Qxa7 24. Rxa7 Kf6 25. Ra6 Rhe8 26.
Kf2 Rb4 27. Kf3 g5 28. fxg5+ hxg5 29. Re2 Rf4+ 30. Kg3 Kf5 31. Ra7 Rg4+ 32. Kf2
Rf4+ 33. Kg1 e5 34. h3 Kf6 35. g3 Rf5 36. Ra6+ Kf7 37. Ra5 Kf6 38. Kg2 Re6 39.
a4 Rc6 40. Rb5 Rc3 41. Rb6+ Kf7 42. Rbb2 Ke6 43. Rec2 Rd3 44. Rb4 Rff3 45. Rg4
Kf5 46. a5 Ra3 47. Re2 e4 48. Rexe4 Rfb3 49. Re2 Rxa5 50. Rge4 Rb6 51. Re8 Rba6
52. Rf2+ Kg6 53. Rg8+ Kh7 54. Re8 Ra2 55. Rxa2 Rxa2+ 56. Kf3 Ra4 57. Re4 Ra6 58.
Re3 Ra4 1/2-1/2